000 00710nam a2200217Ii 4500
003 JO-AjNU
008 230605s9999||||xx |||||||||||||| ||und||
017 _a2012/11/4203
040 _aJO-AjNU
_bara
_erda
_cJO-AjNU
041 _aara
050 1 4 _aK3276.Z3364.2013
100 3 _a الظاهر ، نعيم وآخرون ,
_eauthor
_953211
245 0 0 _aالتشريعات السياحية
250 _aالطبعة العربية
264 3 1 _aعمان : دار اليازوري ، 2013
300 _a218ص
336 _atext
_btxt
_2rdacontent
337 _aunmediated
_bn
_2rdamedia
338 _avolume
_bnc
_2rdacarrier
650 4 _aقوانين وأنظمة -- تشريعات سياحية
_953212
999 _aA23618
_c27186
_d27186